00413pab a2200157 454500008004000000100001700040245009000057260000900147300001300156362000800169650001000177650001100187650002400198700001700222773001600239180718b2017 xxu||||| |||| 00| 0 eng d aSandhu, J.S. aQuality seeds and planting materials in doubling farmers income: role and way forward c2017 ap.21-25. aJun aSeeds aIncome aSharma, J.P.Farmers aSharma, J.P. aKurukshetra